000 00604nam a2200193 i 4500
001 87573
003 ES-MaACL
005 20250807082545.0
007 t|
008 041222s1958 sp ||||1| spa d
100 1 _aKriekemáns, A.
_968849
245 1 0 _aPreparación al matrimonio y la familia /
_cA. Kriekemáns ; [traducción por Angel Arin Ormazabal].
260 _aMadrid :
_bEuramérica,
_c[1958] (
_fIbarra)
300 _a239 p. ;
_c18 cm.
490 1 _aMatrimonio y hogar
830 0 0 _aMatrimonio y hogar
_9181380
852 _aES-MaACL
_jC-15937
_bR.43579
999 _c87573
_d87573